Developing Opportunities. Inglés 4º medio: student's book

Saved in:
Bibliografiske detaljer
Main Authors: Foley, Mark (Author), Hall, Diane (Author)
Format: Bog
Sprog:engelsk
Udgivet: Essex Pearson Education 2002
Udgivelse:1a. ed
Fag:
Tags: Tilføj Tag
Ingen Tags, Vær først til at tagge denne postø!

MARC

LEADER 00000nam a2200000 a 4500
001 UCK9668
003 CL-VaPUC
008 060519e20020000uk |||||||||||||||||eng|d
020 |a 0582794919 
082 0 4 |a 420.712  |b FOL  |2 21 
100 0 |a Foley, Mark  |e author  |9 499479 
700 |a Hall, Diane  |e author  |9 591975 
245 1 0 |a Developing Opportunities. Inglés 4º medio: student's book 
250 |a 1a. ed 
300 |a 134 p 
942 |c BK 
945 |d 20060519 00:00:00  |a cmena 
260 |a Essex  |b Pearson Education  |c 2002 
650 0 |a Enseñanza del inglés  |9 367340 
650 0 |a Lengua inglesa  |9 318842 
650 0 |a Libros de texto  |9 270019 
583 |a last modification  |c 20171204 01:38:45  |k Rodrigo Vera 
999 |c 316745  |d 316743 
952 |0 0  |1 0  |4 0  |6 420_712000000000000_FOL_2002  |7 0  |8 A  |9 391709  |a BIBEDU  |b BIBEDU  |d 2019-11-22  |i 423460K  |o 420.712 FOL 2002  |p 423460K  |r 2019-11-22  |w 2019-11-22  |y BK  |k LIT 
952 |0 0  |1 0  |4 0  |6 420_712000000000000_FOL_2002  |7 0  |8 A  |9 391710  |a BIBEDU  |b BIBEDU  |d 2019-11-22  |i 4234618  |l 3  |o 420.712 FOL 2002  |p 4234618  |q 2025-05-13  |r 2025-05-06  |s 2025-05-06  |w 2019-11-22  |y BK  |k LIT 
952 |0 0  |1 0  |4 0  |6 420_712000000000000_FOL_2002  |7 0  |8 A  |9 391711  |a BIBEDU  |b BIBEDU  |d 2019-11-22  |i 4255070  |l 1  |o 420.712 FOL 2002  |p 4255070  |r 2023-05-19  |s 2023-05-09  |w 2019-11-22  |y BK  |k LIT 
952 |0 0  |1 0  |4 0  |6 420_712000000000000_FOL_2002  |7 0  |8 A  |9 391712  |a BIBEDU  |b BIBEDU  |d 2019-11-22  |i 4255097  |l 1  |o 420.712 FOL 2002  |p 4255097  |r 2023-08-23  |s 2023-08-23  |w 2019-11-22  |y BK  |k LIT 
952 |0 0  |1 0  |4 0  |6 420_712000000000000_FOL_2002  |7 0  |8 A  |9 391713  |a BIBEDU  |b BIBEDU  |d 2019-11-22  |i 4255119  |l 3  |o 420.712 FOL 2002  |p 4255119  |r 2024-03-26  |s 2024-03-21  |w 2019-11-22  |y BK  |k LIT